000 00668nam a22002057a 4500
005 20150429120033.0
010 _aENG-112441
020 _a9789351433903
_c650.00
035 _aEN-95973
037 _bDBAD/PUB
082 _a346.540482
100 _aAhuja, V.K.
245 _aLaw of copyright and neighbouring rights :
_cby V.K. Ahuja
_bnational and international perspectives /
250 _a2nd ed
260 _aGurgaon
_bLexisNexis
_c2015
270 _a14th Floor, Building No.10, Tower-B,DLF Cyber City, Phase-II,
_bGurgaon
_e122002
300 _axxxvi,539p.
_c23cm(pbk)
500 _aIncludes index
942 _2ddc
_cEN
_mAHU
_h346.540482
999 _c92598
_d92598